Statistiken für Alle Länder, die mit E enden

Klicken Sie hier um das Quiz zu spielen!

Allgemein

  • Dieses Quiz wurde 459 mal gespielt
  • Das Durchschnittsergebnis liegt bei 7 aus 11

Antwortstatistiken

HintLänder% Korrekt
EuropaNiederlande
76%
AmerikaChile
74%
AmerikaBelize
73%
EuropaUkraine
70%
AmerikaSuriname
64%
AfrikaSimbabwe
63%
AfrikaElfenbeinküste
56%
AfrikaSão Tomé und Príncipe
53%
AfrikaSierra Leone
53%
AfrikaKap Verde
52%
AsienVereinigte Arabische Emirate
46%

Verteilung der Resultate

Perzentil nach korrekt beantworteten Fragen

Anzahl Personen mit jedem Resultat

Ihre Resultats-Entwicklung

Sie haben dieses Quiz noch nicht gespielt